Financial theory and corporate policy / (Record no. 344999)
[ view plain ]
| 000 -LEADER | |
|---|---|
| fixed length control field | 01452 a2200241 4500 |
| 020 ## - INTERNATIONAL STANDARD BOOK NUMBER | |
| International Standard Book Number | 0201106485 |
| 020 ## - INTERNATIONAL STANDARD BOOK NUMBER | |
| International Standard Book Number | 9780201106480 |
| 082 04 - DEWEY DECIMAL CLASSIFICATION NUMBER | |
| Classification number | 658.15 |
| 090 ## - LOCALLY ASSIGNED LC-TYPE CALL NUMBER (OCLC); LOCAL CALL NUMBER (RLIN) | |
| -- | 2503 |
| -- | 2503 |
| 100 1# - MAIN ENTRY--PERSONAL NAME | |
| Personal name | Copeland, Thomas E. |
| 245 10 - TITLE STATEMENT | |
| Title | Financial theory and corporate policy / |
| Statement of responsibility, etc. | Thomas E. Copeland. |
| 250 ## - EDITION STATEMENT | |
| Edition statement | 3nd ed. |
| 260 ## - PUBLICATION, DISTRIBUTION, ETC. | |
| Place of publication, distribution, etc. | [S.l.] : |
| Name of publisher, distributor, etc. | Addison Wesley, |
| Date of publication, distribution, etc. | 1988. |
| 300 ## - PHYSICAL DESCRIPTION | |
| Extent | 946 p. ; |
| Dimensions | 25 cm. |
| 490 1# - SERIES STATEMENT | |
| Series statement | 3rd edition. |
| 500 ## - GENERAL NOTE | |
| General note | Hardcover. |
| 520 ## - SUMMARY, ETC. | |
| Summary, etc. | A recognized classic, Financial Theory and Corporate Policy provides a concise, unified treatment of finance, combining theory, empirical evidence, and applications. Major contributions in financial literature are discussed and summarized. The book provides MBA and doctoral students with an excellent bridge to prevailing scholarship in finance. Two chapters discuss futures markets and financial applications for the corporate financial officer. The fundamentals of discounting, management of cash flows, capital budgeting, utility theory, and other relevant topics are integrated into the modern theory of finance. A Student Solutions Manual giving answers to end-of-chapter problems is also available. |
| 700 1# - ADDED ENTRY--PERSONAL NAME | |
| Personal name | Weston, J. Fred. |
| 830 #0 - SERIES ADDED ENTRY--UNIFORM TITLE | |
| Uniform title | 3rd edition. |
| 856 40 - ELECTRONIC LOCATION AND ACCESS | |
| Materials specified | Amazon.com |
| Uniform Resource Identifier | <a href="http://www.amazon.com/exec/obidos/ASIN/0201106485/chopaconline-20">http://www.amazon.com/exec/obidos/ASIN/0201106485/chopaconline-20</a> |
| 856 40 - ELECTRONIC LOCATION AND ACCESS | |
| Materials specified | Amazon customer reviews |
| Uniform Resource Identifier | <a href="http://www.chopac.org/cgi-bin/tools/azrev.pl?q=0201106485">http://www.chopac.org/cgi-bin/tools/azrev.pl?q=0201106485</a> |
| 942 ## - ADDED ENTRY ELEMENTS (KOHA) | |
| Institution code [OBSOLETE] | NBS |
| Koha item type | Book |
| Call number prefix | 658.15 COP |
| Withdrawn status | Lost status | Damaged status | Not for loan | Permanent Location | Current Location | Date acquired | Total Checkouts | Full call number | Barcode | Date last seen | Price effective from | Koha item type | Total Renewals | Date last checked out |
|---|---|---|---|---|---|---|---|---|---|---|---|---|---|---|
| Central Library (CL) | Central Library (CL) | 08/28/2013 | 658.15 COP | NBS41 | 08/28/2013 | 08/28/2013 | Book | |||||||
| Central Library (CL) | Central Library (CL) | 08/28/2013 | 7 | 658.15 COP | NBS42 | 05/27/2025 | 08/28/2013 | Book | 10 | 05/02/2023 |
